000
00336nam a22001457a 4500
005
20240924154403.0
008
240924b |||||||| |||| 00| 0 eng d
082
_a
635.04
_b
LAW-T
100
_a
Lawson Andrew
245
_a
The Gardener's Year /
260
_a
india
_b
person
_c
1997
650
_a
Agriculture
999
_c
36585
_d
36585